000 00826nam a2200229 4500
999 _c326821
_d326821
003 BLK
005 20250219104221.0
008 181128b bu ||||| |||| 00| 0 bu d
020 _a978-619-7280-40-1
040 _aBLK
041 _aBUL
_cBUL
080 _aИталианска литература
_b821.131.1
_z821.131.1-31
100 _aФратини, Франческо
_eпърви автор
_91299
139 _aФратини, Франческо
_bФ 81
245 _aАтон
_bКриминален роман
_cФранческо Фратини; прев.
260 _9215836
_aСофия
_bАтеа Букс
_c2018
300 _a271 с.
_c21 см
380 _aX
700 _91071
_aГешева, Радея Николаева
_eпрев. от итал.
852 _bП
_cП 850-31/Ф 81
942 _n0
_cKNG
_017
944 _k30531
_lЦветелина Шанова